Hóa hữu cơ mô tả

保存先:
書誌詳細
第一著者: Nguyễn Ngọc Sương
フォーマット: 図書
言語:Undetermined
出版事項: Tp. HCM Trường Đại học Tổng hợp Tp. HCM 1995
主題:
タグ: タグ追加
タグなし, このレコードへの初めてのタグを付けませんか!
Thư viện lưu trữ: Trung tâm Học liệu Trường Đại học Cần Thơ
LEADER 00508nam a2200169Ia 4500
001 CTU_35576
008 210402s9999 xx 000 0 und d
082 |a 547 
082 |b S561/T3 
100 |a Nguyễn Ngọc Sương 
245 0 |a Hóa hữu cơ mô tả 
245 0 |c Nguyễn Ngọc Sương 
260 |a Tp. HCM 
260 |b Trường Đại học Tổng hợp Tp. HCM 
260 |c 1995 
650 |a chemistry, organic 
980 |a Trung tâm Học liệu Trường Đại học Cần Thơ